00313nam a2200109Ia 4500008004100000041000800041082002000049100002000069245004500089260003800134300003100172240624s9999 xx 000 0 und d aeng a658.4038011 BID aBIDGOLI HOSSEIN aMANAGEMENT INFORMATION SYSTEMS MIS A SOU c2013aNew DelhibCengage Learning axii, : 352 : p. : cm. ; 27